000 00341nab a22001097u 4500
008 130520b2007 xxu||||| |||| 00| 0 spa d
041 _aspa
100 1 _aBarros, Marcelo
_95656
245 0 0 _aLa fuerza de liberación que viene de la tierra
_cMarcelo Barros
773 0 _tConcilium
_gnº320,2007,págs. 129-136
_x0210-1041
_wRev134
942 _cAR
999 _c380927
_d380927